00401pab a2200145 454500008004000000100002600040245007400066260000900140300001300149362001100162650001800173650002100191700002300212773002000235180718b2009 xxu||||| |||| 00| 0 eng d aPandey, Anjaney Kumar aHallmarking the higher education: an imperative need in globalisation c2009 ap.25-30. a28 Sep aGlobalization aHigher education aDas, Sanjaya Kumar aUniversity News